<?xml version="1.0" encoding="UTF-8"?>
<marc:record xmlns:marc="http://www.loc.gov/MARC21/slim">
   <marc:leader>00000nam a2200000 a 4500</marc:leader>
   <marc:datafield ind1="1" ind2=" " tag="100">
      <marc:subfield code="a">Grill, Andrea</marc:subfield>
      <marc:subfield code="4">aut</marc:subfield>
      <marc:subfield code="e">Verfasser/-in</marc:subfield>
   </marc:datafield>
   <marc:datafield ind1="1" ind2=" " tag="100">
      <marc:subfield code="a">Schöbitz, Raffaela</marc:subfield>
      <marc:subfield code="4">aut</marc:subfield>
      <marc:subfield code="e">Verfasser/-in</marc:subfield>
   </marc:datafield>
   <marc:datafield ind1="1" ind2=" " tag="100">
      <marc:subfield code="a">Schöbitz, Raffaela</marc:subfield>
   </marc:datafield>
   <marc:datafield ind1=" " ind2=" " tag="653">
      <marc:subfield code="a">Naturwissenschaften</marc:subfield>
   </marc:datafield>
   <marc:datafield ind1=" " ind2=" " tag="653">
      <marc:subfield code="a">Evolution</marc:subfield>
   </marc:datafield>
   <marc:datafield ind1=" " ind2=" " tag="653">
      <marc:subfield code="a">Wissenschaft</marc:subfield>
   </marc:datafield>
   <marc:datafield ind1=" " ind2=" " tag="653">
      <marc:subfield code="a">Biologie</marc:subfield>
   </marc:datafield>
   <marc:datafield ind1=" " ind2=" " tag="653">
      <marc:subfield code="a">Naturwissenschaft</marc:subfield>
   </marc:datafield>
   <marc:datafield ind1=" " ind2=" " tag="653">
      <marc:subfield code="a">Evolutionsbiologie</marc:subfield>
   </marc:datafield>
   <marc:datafield ind1=" " ind2=" " tag="653">
      <marc:subfield code="a">Evolutionsbiologe</marc:subfield>
   </marc:datafield>
   <marc:datafield ind1="0" ind2="0" tag="245">
      <marc:subfield code="a">Sam und die Evolution</marc:subfield>
   </marc:datafield>
   <marc:datafield ind1="0" ind2="0" tag="245">
      <marc:subfield code="b">Eine kurze Geschichte der Evolutionsbiologie</marc:subfield>
   </marc:datafield>
   <marc:datafield ind1="0" ind2="0" tag="245">
      <marc:subfield code="c">Andrea Grill, Raffaela Schöbitz</marc:subfield>
   </marc:datafield>
   <marc:datafield ind1=" " ind2="1" tag="264">
      <marc:subfield code="a">Innsbruck</marc:subfield>
      <marc:subfield code="b">Tyrolia-Verlag</marc:subfield>
      <marc:subfield code="c">2022</marc:subfield>
   </marc:datafield>
   <marc:datafield ind1="1" ind2=" " tag="520">
      <marc:subfield code="a">Evolutionsbiologie  spannend erzählt und toll gestaltet &lt;br/&gt;&lt;br/&gt; &lt;br/&gt;&lt;br/&gt;Eine Wanderung, eine falsche Abzweigung, ein gefundener Käfer  das ist der Ausgangspunkt dafür, dass sich der Jugendliche Sam für Evolutionsbiologie zu interessieren beginnt. Denn seine Käferart hat vor ihm noch niemand entdeckt. Aber wie ist das möglich, im 21. Jahrhundert? &lt;br/&gt;&lt;br/&gt;Begleitet von seiner Mutter, die selbst Naturwissenschafterin ist, begibt sich Sam zum Ursprung von allem Leben. Beginnt vor über 2300 Jahren in der Antike bei Aristoteles, geht unter anderem über Carl von Linné, Gregor Mendel sowie natürlich Charles Robert Darwin und hört bei den zeitgenössischen Evolutionsbiologinnen Barbara Rosemary Grant und Katie Peichel auf. &lt;br/&gt;&lt;br/&gt;Eingebettet in eine stimmige Geschichte rund um Sam und seine Mutter Fritza gelingt der renommierten Biologin, Schriftstellerin und Übersetzerin Andrea Grill ein griffiger Überblick über die Entwicklung der Evolutionsbiologie. In zehn Großkapiteln bringt sie zentrale Themen und wegweisende Personen gekonnt zusammen, stellt sie in den Kontext ihrer jeweiligen Zeit, erklärt klar und greifbar grundlegende Begrifflichkeiten sowie wesentliche Theorien und Erkenntnisse. &lt;br/&gt;&lt;br/&gt;Die zahlreichen Bilder von Raffaela Schöbitz begleiten, unterstützen und erhellen die einzelnen Kapitel. Kurze, comicartige Abschnitte zeigen die einzelnen Wissenschafter:innen in ihrer jeweiligen Umgebung und ermöglichen so ein Gefühl für gesellschaftliche, politische und historische Gegebenheiten. So vielgestaltig-intensiv und flüssig-leicht zugleich wurde ein derart komplexes Thema noch nie präsentiert. &lt;br/&gt;&lt;br/&gt; &lt;br/&gt;&lt;br/&gt;Ein Jugend-Sachbuch der ganz neuen Art. &lt;br/&gt;&lt;br/&gt; &lt;br/&gt;&lt;br/&gt; &lt;br/&gt;&lt;br/&gt;Tipps: &lt;br/&gt;&lt;br/&gt;neuartiges Jugendsachbuch &lt;br/&gt;&lt;br/&gt;historisch-fachlich, erzählerisch-leicht &lt;br/&gt;&lt;br/&gt;intensiv Illustriert &lt;br/&gt;&lt;br/&gt; &lt;br/&gt;&lt;br/&gt;Auszeichnungen: &lt;br/&gt;&lt;br/&gt;Raffaela Schöbitz wurde mit dem alle zwei Jahre vom Bundesministerium für Kunst und Kultur vergebenen Outstanding Artist Avard für Kinder- und Jugendliteratur 2024 ausgezeichnet.</marc:subfield>
   </marc:datafield>
   <marc:datafield ind1=" " ind2=" " tag="020">
      <marc:subfield code="a">9783702240462</marc:subfield>
      <marc:subfield code="9">9783702240462</marc:subfield>
   </marc:datafield>
   <marc:datafield ind1=" " ind2=" " tag="041">
      <marc:subfield code="a">ger</marc:subfield>
   </marc:datafield>
   <marc:datafield ind1=" " ind2=" " tag="300">
      <marc:subfield code="b">Illustrationen</marc:subfield>
   </marc:datafield>
   <marc:datafield ind1="1" ind2=" " tag="521">
      <marc:subfield code="a">0</marc:subfield>
   </marc:datafield>
   <marc:datafield ind1=" " ind2=" " tag="300">
      <marc:subfield code="a">152 Seiten</marc:subfield>
   </marc:datafield>
</marc:record>
